000 00415 a2200133 4500
000 nam a22 7a 4500
100 _aमीना
110 _aमीना
245 _aहिन्दी के महान साहित्यकार
250 _aLatest edition
260 _bबाबा पब्लिकेशन
_c2025
264 _bबाबा पब्लिकेशन
_c2025
942 _cBK
999 _c396691
_d396691